000 00724nam a22001937a 4500
999 _c181520
_d181520
005 20210917110346.0
010 _aUR-11240
020 _c500.00
_a9789390100897
035 _aU-9795
037 _bDBAD/PUB
082 _a848.88
100 _aمحمد شميم
245 _aسيد حسن عسکر ی کے چند ا ر د و مقا لا ت کا تنقيد ی جا يز ہ
_cمحمد شميم
246 _aHasan Askari ke Chand Urdu Maqalat Ka Tanqeedi Jayzah (Urdu)
_bby Mohd. Shamim
260 _aN.Delhi
_c2020 ء
_bEducational Publishing House
270 _a3191, Vakil Street, Kucha Pandit Lal Kuan,
_b Delhi
_e110006
_l -
300 _a312 ص
_c22 Cm(Hb)
942 _2ddc
_cUR
_h848.88
_mم ح م